[Event "Maria Teresa Mora Memorial IM2"]
[Site "Havana"]
[Date "2010.03.17"]
[Round "13"]
[White "Perez de Leon, Roberto"]
[Black "Miranda Rodriguez, Tania"]
[Result "0-1"]
[WhiteElo "2146"]
[BlackElo "2122"]
[PlyCount "69"]
[EventDate "2010.03.05"]
[EventType "tourn"]
[EventRounds "13"]
[EventCountry "CUB"]
[SourceTitle "EXT 2019"]
[Source "ChessBase"]
[SourceDate "2018.10.10"]
[SourceVersion "1"]
[SourceVersionDate "2018.10.10"]
[SourceQuality "1"]

1. Nf3 Nf6 2. g3 g6 3. Bg2 Bg7 4. 0-0 0-0 5. d3 d6 6. e4 c5 7. Re1 Nc6 8. Nbd2 Rb8 9. c3 Nd7 10. Nf1 b5 11. h4 b4 12. Bd2 Ba6 13. Qc2 Qb6 14. Rad1 b3 15. axb3 Qxb3 16. Qxb3 Rxb3 17. Re3 Nde5 18. Ne1 Ng4 19. Re2 Nce5 20. f3 Nf6 21. Rf2 d5 22. f4 Neg4 23. Re2 dxe4 24. Bxe4 Rd8 25. Bf3 Bxd3 26. Nxd3 Rxd3 27. Bxg4 Nxg4 28. Rxe7 Bxc3 29. Bxc3 Rbxc3 30. Rxa7 Rc2 31. Rc7 c4 32. Re1 Rxb2 33. Re8+ Kg7 34. Ree7 Nh6 35. Re4 0-1

[Event "Maria Teresa Mora Memorial IM2"]
[Site "Havana"]
[Date "2010.03.16"]
[Round "12"]
[White "Ragolta Franco, Eduardo"]
[Black "Perez de Leon, Roberto"]
[Result "1-0"]
[WhiteElo "2175"]
[BlackElo "2146"]
[PlyCount "67"]
[EventDate "2010.03.05"]
[EventType "tourn"]
[EventRounds "13"]
[EventCountry "CUB"]
[SourceTitle "EXT 2019"]
[Source "ChessBase"]
[SourceDate "2018.10.10"]
[SourceVersion "1"]
[SourceVersionDate "2018.10.10"]
[SourceQuality "1"]

1. d4 Nf6 2. c4 g6 3. Nc3 d5 4. cxd5 Nxd5 5. Bd2 Bg7 6. e4 Nxc3 7. Bxc3 0-0 8. h3 b6 9. Nf3 Bb7 10. Bd3 Nd7 11. 0-0 c5 12. d5 Nf6 13. Qe2 a6 14. a4 Re8 15. Rfd1 Qc8 16. Rac1 a5 17. Bb5 Ba6 18. Ne5 Bxb5 19. axb5 Nh5 20. Nc4 Rb8 21. Bxg7 Kxg7 22. Ne5 Qc7 23. Nc6 Rb7 24. e5 Kg8 25. Rc4 Qd7 26. g4 Ng7 27. Rf4 f6 28. exf6 exf6 29. Re4 Rxe4 30. Qxe4 Qe8 31. Qc4 Qf7 32. Nd8 Qd7 33. d6+ Kf8 34. Nxb7 1-0

[Event "Maria Teresa Mora Memorial IM2"]
[Site "Havana"]
[Date "2010.03.14"]
[Round "10"]
[White "Cordero Suarez, Greisy"]
[Black "Perez de Leon, Roberto"]
[Result "1/2-1/2"]
[WhiteElo "2033"]
[BlackElo "2146"]
[PlyCount "80"]
[EventDate "2010.03.05"]
[EventType "tourn"]
[EventRounds "13"]
[EventCountry "CUB"]
[SourceTitle "EXT 2019"]
[Source "ChessBase"]
[SourceDate "2018.10.10"]
[SourceVersion "1"]
[SourceVersionDate "2018.10.10"]
[SourceQuality "1"]

1. e4 Nf6 2. Bc4 d6 3. d3 g6 4. f4 Bg7 5. Nf3 c6 6. Nc3 b5 7. Bb3 a5 8. a3 Nbd7 9. 0-0 e5 10. fxe5 dxe5 11. Bg5 Nc5 12. Ba2 Bg4 13. Bxf7+ Kf8 14. Ba2 Ra7 15. Qe2 Be6 16. Be3 Qe7 17. Bxe6 Nxe6 18. Bxa7 Qxa7+ 19. Qf2 Qc7 20. Qg3 Nh5 21. Ng5+ Nef4 22. Ne6+ Ke7 23. Nxc7 Nxg3 24. hxg3 Nh5 25. b4 Bh6 26. Ne2 Be3+ 27. Kh2 Nf6 28. Rxf6 Kxf6 29. Rf1+ Ke7 30. Na6 Ra8 31. Nc5 axb4 32. axb4 Ra2 33. Nc1 Rxc2 34. N1b3 Bxc5 35. Nxc5 Rb2 36. Na6 Rb3 37. Nb8 Rc3 38. Ra1 c5 39. Ra7+ Ke6 40. bxc5 Rxc5 1/2-1/2

[Event "Maria Teresa Mora Memorial IM2"]
[Site "Havana"]
[Date "2010.03.12"]
[Round "8"]
[White "Martin Rosabal, Niuris"]
[Black "Perez de Leon, Roberto"]
[Result "1/2-1/2"]
[WhiteElo "2010"]
[BlackElo "2146"]
[PlyCount "76"]
[EventDate "2010.03.05"]
[EventType "tourn"]
[EventRounds "13"]
[EventCountry "CUB"]
[SourceTitle "EXT 2019"]
[Source "ChessBase"]
[SourceDate "2018.10.10"]
[SourceVersion "1"]
[SourceVersionDate "2018.10.10"]
[SourceQuality "1"]

1. e4 d6 2. d4 Nf6 3. Nc3 g6 4. g3 Bg7 5. Bg2 Nc6 6. Nge2 0-0 7. 0-0 e5 8. f4 exd4 9. Nxd4 Nxe4 10. Nxc6 Nxc3 11. Nxd8 Nxd1 12. Nxb7 Bxb7 13. Bxb7 Rab8 14. Rxd1 Rxb7 15. c3 Re8 16. Kf1 Re6 17. Re1 Kf8 18. a4 a5 19. Ra2 Rxe1+ 20. Kxe1 Ke7 21. Bd2 c5 22. c4 Bxb2 23. Bxa5 d5 24. cxd5 Kd6 25. Kd2 Kxd5 26. Bc3 Bxc3+ 27. Kxc3 Re7 28. a5 Kc6 29. a6 Kb6 30. Kc4 Re4+ 31. Kc3 Ka7 32. Kd3 f5 33. Ra5 Rd4+ 34. Kc3 Rd5 35. Ra2 Rd7 36. Kc4 Rc7 37. Ra5 Rd7 38. Ra2 Rc7 1/2-1/2